Triết lý nhân sinh của Y.KAWBATA trong Tiếng rền của núi

Sống và viết sự trải nghiệm triết lý nhân sinh của một nhà văn...Nhân sinh quan của Y.KAWABATA trong Tiếng rền của núi...

Sparad:
Bibliografiska uppgifter
Huvudupphovsman: Nguyễn, Thị Minh Khương
Övriga upphovsmän: Lê, Thị Nở Người hướng dẫn (Cố vấn luận án)
Materialtyp: Bok
Språk:Vietnamese
Publicerad: Đại học Sư Phạm Đại học Đà Nẵng 2009
Ämnen:
Taggar: Lägg till en tagg
Inga taggar, Lägg till första taggen!
Thư viện lưu trữ: Mạng thư viện Đại học Đà Nẵng
LEADER 01365nam a2200325 4500
001 000011589
003 7842
005 20120207150218.0
008 120207s2009 viesd
041 |a vie 
072 |a Khóa luận tốt nghiệp -Cử nhân văn học 
082 |a 895.6  |b NG-K 
100 1 |a Nguyễn, Thị Minh Khương 
245 1 |a Triết lý nhân sinh của Y.KAWBATA trong Tiếng rền của núi  |c Nguyễn, Thị Minh Khương 
260 |a Đại học Sư Phạm  |b Đại học Đà Nẵng  |c 2009 
300 |a 69 tr.  |b chân dung  |c 29 cm. 
500 |a Khóa luận tốt nghiệp 
520 |a Sống và viết sự trải nghiệm triết lý nhân sinh của một nhà văn...Nhân sinh quan của Y.KAWABATA trong Tiếng rền của núi... 
653 |a Y.KAWABATA  |a Tiếng rền của núi 
700 |a Lê, Thị Nở  |c Người hướng dẫn  |e Th.S 
OWN |a LSP 
AVA |a UDN50  |b LSP  |d 895.6 NG-K  |e available  |t Error 5001 Not defined in file expand_doc_bib_avail.  |f 1  |g 0  |h N  |i 0  |k 1 
999 |a From the UDN01 
AVA |a UDN50  |b LSP  |d 895.6 NG-K  |e available  |t Error 5001 Not defined in file expand_doc_bib_avail.  |f 1  |g 0  |h N  |i 0  |k 1 
TYP |a Monograph 
TYP |a Printed language 
980 |a Mạng thư viện Đại học Đà Nẵng